<?xml version="1.0" encoding="UTF-8"?>
<resp>
  <nextPage>https://data.bn.org.pl/api/networks/bibs.marcxml?marc=001+b0000005535354&amp;sinceId=5535355</nextPage>
  <collection>
    <record xmlns='http://www.loc.gov/MARC21/slim'><leader>02732nam a2200613 i 4500</leader><controlfield tag='001'>b0000005535354</controlfield><controlfield tag='005'>20241203220134.3</controlfield><controlfield tag='008'>170427s1766    pl           |000 0 pol  </controlfield><controlfield tag='009'>9910283151505606</controlfield><datafield ind1=' ' ind2=' ' tag='026'><subfield code='a'>emo- o-d-</subfield><subfield code='b'>o-mo Nila (C)</subfield><subfield code='c'>1766 (Q)</subfield><subfield code='5'>WA N</subfield></datafield><datafield ind1=' ' ind2=' ' tag='035'><subfield code='a'>991007901119705066</subfield></datafield><datafield ind1=' ' ind2=' ' tag='035'><subfield code='a'>(PL-WaBN)b5535354x-48omnis_nlop</subfield></datafield><datafield ind1=' ' ind2=' ' tag='035'><subfield code='a'>b5535354x</subfield></datafield><datafield ind1=' ' ind2=' ' tag='035'><subfield code='a'>(PL)b0000005535354</subfield></datafield><datafield ind1=' ' ind2=' ' tag='040'><subfield code='a'>WA N</subfield><subfield code='c'>WA N</subfield><subfield code='d'>WA N</subfield></datafield><datafield ind1=' ' ind2=' ' tag='046'><subfield code='k'>1766</subfield></datafield><datafield ind1='1' ind2=' ' tag='100'><subfield code='a'>Włyński, Zygmunt Aleksander</subfield><subfield code='d'>(1740-1831)</subfield><subfield code='e'>Autor</subfield></datafield><datafield ind1='1' ind2='0' tag='245'><subfield code='a'>Oratio pro seraphico doctore ecclesiae s. Bonaventura S. R. E. cardinali, episcopo Albanensi, in ecclesia conventualium ord. s. Francisci Anno Domini 1766 die 14 Julii dicta. nomini Honoriqq. Illustrissimi et Reverendissimi Domini Francisci comitis de Schwartzenberg Czerny, scholastici cathedralis Cracoviensis, Sandomiriensis, Gołąbiensis Praepositi etc. /</subfield><subfield code='c'>per M. Sigismund. Alexand. Nałęcz Włynski in Universit. Cracov. philosophiae doctorem, Novodvorscianum professorem dicata.</subfield></datafield><datafield ind1=' ' ind2=' ' tag='260'><subfield code='a'>Cracoviae :</subfield><subfield code='b'>in Typographia Seminarii Episcopalis Academici Dioecesani,</subfield><subfield code='c'>[po 14 VII 1766].</subfield></datafield><datafield ind1=' ' ind2=' ' tag='300'><subfield code='a'>[11] kart, sygnowanie: )(2, A4, B5 ;</subfield><subfield code='c'>4°.</subfield></datafield><datafield ind1=' ' ind2=' ' tag='336'><subfield code='a'>Tekst</subfield><subfield code='b'>txt</subfield><subfield code='2'>rdacontent</subfield></datafield><datafield ind1=' ' ind2=' ' tag='337'><subfield code='a'>Bez urządzenia pośredniczącego</subfield><subfield code='b'>n</subfield><subfield code='2'>rdamedia</subfield></datafield><datafield ind1=' ' ind2=' ' tag='338'><subfield code='a'>Wolumin</subfield><subfield code='b'>nc</subfield><subfield code='2'>rdacarrier</subfield></datafield><datafield ind1=' ' ind2=' ' tag='380'><subfield code='a'>Książki</subfield></datafield><datafield ind1=' ' ind2=' ' tag='380'><subfield code='a'>Publikacje religijne</subfield></datafield><datafield ind1=' ' ind2=' ' tag='380'><subfield code='a'>Starodruki</subfield></datafield><datafield ind1='1' ind2=' ' tag='388'><subfield code='a'>1701-1800</subfield></datafield><datafield ind1=' ' ind2=' ' tag='500'><subfield code='a'>Dedykacja: ,,Illustrissime Domine&quot;.</subfield></datafield><datafield ind1='4' ind2=' ' tag='510'><subfield code='a'>Estr. XV-XVIII,</subfield><subfield code='c'>XIV, 570.</subfield></datafield><datafield ind1='4' ind2=' ' tag='510'><subfield code='a'>Estr. XV-XVIII,</subfield><subfield code='c'>XXXIII, 185.</subfield></datafield><datafield ind1='0' ind2='7' tag='600'><subfield code='a'>Bonawentura</subfield><subfield code='c'>(święty ;</subfield><subfield code='d'>ok. 1221-1274)</subfield><subfield code='2'>DBN</subfield></datafield><datafield ind1='1' ind2='7' tag='600'><subfield code='a'>Czerny-Szwarcenberg, Franciszek</subfield><subfield code='d'>(ok. 1710-1775)</subfield><subfield code='2'>DBN</subfield></datafield><datafield ind1=' ' ind2='7' tag='655'><subfield code='a'>Dedykacje</subfield><subfield code='2'>DBN</subfield></datafield><datafield ind1=' ' ind2='7' tag='655'><subfield code='a'>Mowy</subfield><subfield code='2'>DBN</subfield></datafield><datafield ind1=' ' ind2=' ' tag='658'><subfield code='a'>Religia i duchowość</subfield></datafield><datafield ind1='2' ind2=' ' tag='710'><subfield code='a'>Drukarnia Seminarium Biskupio-Akademickiego (Kraków)</subfield><subfield code='e'>Druk</subfield></datafield><datafield ind1=' ' ind2=' ' tag='752'><subfield code='a'>Polska</subfield><subfield code='d'>Kraków.</subfield></datafield><datafield ind1=' ' ind2=' ' tag='852'><subfield code='b'>48OMNIS_NETWORK</subfield><subfield code='8'>9910283151505606</subfield></datafield><datafield ind1=' ' ind2=' ' tag='852'><subfield code='8'>22529950240005066</subfield><subfield code='j'>1</subfield><subfield code='h'>SD W.1.976</subfield><subfield code='b'>BN_PL</subfield><subfield code='p'>777i53501962</subfield><subfield code='c'>bstdr</subfield></datafield><datafield ind1=' ' ind2=' ' tag='852'><subfield code='b'>48OMNIS_NLOP</subfield><subfield code='8'>991007901119705066</subfield></datafield><datafield ind1=' ' ind2=' ' tag='950'><subfield code='u'>https://eu05.alma.exlibrisgroup.com/view/uresolver/48OMNIS_NETWORK/openurl?u.ignore_date_coverage=true&amp;portfolio_pid=53705433800005066&amp;Force_direct=true</subfield><subfield code='z'>Zobacz w Polonie: egzemplarz SD W.1.976</subfield><subfield code='8'>53705433800005066</subfield></datafield></record>
  </collection>
</resp>
